| 000 | 00650cam a2200217 4500 | ||
|---|---|---|---|
| 008 | 020304n2002 000 0 eng u | ||
| 020 | _a1857839560 | ||
| 035 | _a(Sirsi) u116969 | ||
| 041 | _aeng. | ||
| 050 | _a333.33025 | ||
| 110 |
_aRoyal Institution of Chartered Surveyors _94900 |
||
| 245 | _aGeographical directory 2002 | ||
| 260 |
_aLondon _bWaterlow Specialist Information Publishing Ltd _c2002 |
||
| 300 |
_a50,89,624,66p. _c25cm |
||
| 650 | _aABOUT RICS-RICS MEMBERS | ||
| 650 | _aDIRECTORIES | ||
| 650 | _aMEMBERSHIP DIRECTORY | ||
| 650 | _aRICS | ||
| 690 | _aMANAGEMENT-BUSINESS MANAGEMENT-PROFESSIONAL PRACTICE | ||
| 942 | _n0 | ||
| 999 |
_c101929 _d101929 |
||